000 00470nam a22001577a 4500
003 OSt
005 20260121121541.0
008 260121b |||||||| |||| 00| 0 eng d
040 _cMRSPTU
041 _aEnglish
100 _aPuneet Mittal, Supervisor: Dr. Paramjeet Singh
245 _aPerformance Improvement in Dynamic Source Based Routing Schemes in MANET
260 _bDepartment of CSE, MRSPTU, Bathinda
_c2014
650 _aComputer Science
942 _2ddc
_cTH
_n0
999 _c10712
_d10712